000 00987nam a22002777a 4500
001 748
005 20241101104951.0
020 _a0385321813 (hardcover : alk. paper)
020 _a9780439580472
040 _aDLC
_cDLC
_dDLC
_beng
050 0 0 _aPZ7.S7242
_bOf 1996
082 0 0 _a[Fic]
_220
100 1 _aSoto, Gary.
245 1 0 _aOff and running /
_cGary Soto ; illustrated by Eric Velasquez.
260 _aNew York :
_bScholastic,
_c1996.
300 _a136 pages :
_billustrations;
_c20 cm.
505 _aR
520 _aWhen they learn that Rudy Herrera and Alex Garcia, two fifth-grade class clowns, plan to run against them in the school elections, Miata and her friend Ana know that they face a difficult race.
521 _a710
_bLexile
521 _aR
_bRaz-Plus
650 1 _aSchools
_xFiction.
650 1 _aMexican Americans
_xFiction.
700 1 _aVelasquez, Eric,
_eillustrator.
906 _a7
_bcbc
_corignew
_d1
_eocip
_f19
_gy-gencatlg
942 _2ddc
_cBK
_n0
999 _c748
_d748